000
00260nam a22001097a 4500
008
170126b xxu||||| |||| 00| 0 eng d
020
_a
9780131134799
041
_a
eng
080
_2
8TH
_a
61
245
_a
MEDICAL DOSAGE CALCULATIONS
_c
OLSEN, J.L
942
_2
udc
_c
BK
999
_c
3778
_d
3778